MARC Record
Leader
003
BE-GnUNI
007
't'u
035
a| (MSK)314001141
084
a| II.NL.81
245
0
4
a| Het Getij :
b| Geïllustreerd maandschrift der Jongeren voor Kunst en Letteren.
546
a| Nederlands
500
a| Tijdschriften
852
4
b| MSK
c| MSK
j| II.NL.81
920
a| tijdschrift
001
000045260
005
20241224121706.0